|
|
|
|
| LEADER |
00000cac a2200000 a 4500 |
| 001 |
49771 |
| 003 |
Ucuenca |
| 005 |
20230308211103.0 |
| 008 |
003111|2001 mx |||||r|||||||||||spa|| |
| 020 |
|
|
|a 9683694179
|
| 040 |
|
|
|b spa
|
| 041 |
0 |
|
|a spa
|
| 082 |
0 |
|
|a 020
|
| 245 |
|
|
|a Lenguajes de marcado de documentos digitales de carácter bibliográfico
|c Ramiro Lafuente López y Roberto Garduño Vera
|h imp
|
| 264 |
|
|
|a México
|b Universidad Nacional Autónoma de México
|c 2001
|
| 300 |
|
|
|a xiii, 280 páginas:
|b tab
|c 21 cm
|
| 490 |
|
|
|a Colección Sistematización de la Información Documental
|
| 520 |
3 |
|
|a "Se examinan aquí algunos de los fenómenos relativos al documento digital que forma parte de la turbulenta transición proporcionada por el cambio en las formas de producción, organización, difusión y apropiación del conocimiento generadas durante el sombrío final del siglo XX. Si se observan cuidadosamente las estructuras y normas que hemos sistematizado en este volumen...."
|
| 650 |
|
|
|a Documentos digitales
|9 55099
|
| 650 |
|
|
|a Marc 21
|9 92153
|
| 650 |
|
|
|a Hipertexto
|9 2207
|
| 650 |
|
|
|a Informacion electronica
|9 189002
|
| 650 |
|
|
|a Formato marc 21
|9 189003
|
| 700 |
1 |
|
|a Lafuente López, Ramiro
|9 55095
|
| 700 |
1 |
|
|a Garduño Vera, Roberto
|9 189001
|
| 773 |
|
|
|g xiii, 280 páginas:
|
| 852 |
|
|
|a UC-CDJBV
|f Donación
|l 1
|m General
|p 20031110
|q 1.00
|r 2
|t 49771
|y 28696
|b 0
|d CDRC
|e CDRC
|g 020 PRIMER PISO
|z 2003-31-11
|
| 942 |
|
|
|
| 999 |
|
|
|c 117602
|d 117602
|